00755 a2200193 4500001000700000003000400007005001700011008004100028082001900069100001900088245007800107260002900185300001000214690015800224700002400382942001200406999001500418952012800433067116OSt20211028165805.0  a650.0284bK12F1 aKalakota, Ravi1 aFrontiers of electronic commercecby Ravi Kalakota and Andrew B. Whinston aNew DelhibPearsonc2009 a864p. aInternet; Electronic commerce; Management--Computer network resources; Business enterprises--Computer network resources; Management; Business enterprises aWhinston, Andrew B. 2ddccBK c1098d1098 00102ddc40708TXBaCURAJbCURAJd2012-03-07eCSCg550.00l3o650.0284 K12Fp1402r2024-11-21s2022-09-08w2020-09-02yBK